000 00742nam a2200229Ia 4500
005 20260430150812.0
008 008 250103s9999 xx 000 0 hin d
037 _aTheses
040 _aCRL
040 _bhin
040 _chin
041 _2hin
041 _ahin
084 _qCRL
100 _aश्वेता, ले.
245 0 _aराघवपाण्डयम् का श्लेषपरक अध्ययनः प्रकाश टीका के विशेष संदर्भ में
260 _c2024
300 _a254पृ.
700 _aदिल्ली विश्वविद्यालय. कला संकाय. संस्कृत
942 _cTH
999 _c1850838
_d1850838